| 000 | 00580nam a2200181Ia 4500 | ||
|---|---|---|---|
| 003 | GCL | ||
| 008 | 140319s9999 xx 000 0 ara d | ||
| 040 |
_aGCL / _cGCL |
||
| 082 | 0 | 4 |
_a658.401 _bع س |
| 100 | 1 | _aعلى السلمى | |
| 245 | 1 | 0 |
_aالسياسات الادارية فى عصر المعلومات / _cعلى السلمى |
| 300 |
_a316 ص ؛ _c24 سم |
||
| 490 |
_aمكتبة الادارة الجديدة _v0 |
||
| 650 | 0 | 4 | _aادارة الاعمال |
| 650 | 0 | 4 | _aادارة الافراد |
| 650 | 0 | 4 | _aالادارة بالمعلومات |
| 942 |
_2ddc _cBK |
||
| 999 |
_c43825 _d43825 |
||